[Event "56th TCh-DEN Ex 2017-18"]
[Site "Denmark DEN"]
[Date "2017.11.19"]
[Round "2.4"]
[Board "8"]
[White "Hoiberg, Nina"]
[Black "Rendboe, John Filip"]
[Result "1/2-1/2"]
[WhiteTitle "WIM"]
[BlackTitle "FM"]
[WhiteElo "2148"]
[BlackElo "2127"]
[WhiteTeam "Nordre"]
[BlackTeam "Aarhus/Skolerne"]
[WhiteFideId "1400720"]
[BlackFideId "1403664"]
[EventDate "2017.11.18"]

1. e4 c5 2. Nf3 Nc6 3. d4 cxd4 4. Nxd4 g6 5. Nc3 Bg7 6. Be3 Nf6 7. Be2 O-O 8.
O-O d5 9. exd5 Nxd5 10. Nxd5 Qxd5 11. Bf3 Qc4 12. Nxc6 bxc6 13. c3 Bf5 14. Re1
Rab8 15. b3 Qxc3 16. Rc1 Qa5 17. Qe2 Rfd8 18. Bxc6 Bd3 19. Qd2 Qxd2 20. Bxd2 Bb2
21. Rc5 Bd4 22. Rcc1 Bb2 23. Rc5 Bd4 24. Rcc1 1/2-1/2

[Event "56th TCh-DEN Ex 2017-18"]
[Site "Denmark DEN"]
[Date "2017.11.19"]
[Round "2.5"]
[Board "1"]
[White "Hansen, Sune Berg"]
[Black "Andersen, Mads"]
[Result "1/2-1/2"]
[WhiteTitle "GM"]
[BlackTitle "GM"]
[WhiteElo "2580"]
[BlackElo "2594"]
[WhiteTeam "Hillerod"]
[BlackTeam "Nordea Skanderborg"]
[WhiteFideId "1400266"]
[BlackFideId "1413864"]
[EventDate "2017.11.18"]

1. e4 c5 2. Nf3 d6 3. Bb5+ Bd7 4. c4 Nf6 5. Nc3 g6 6. O-O Bg7 7. d4 cxd4 8. Nxd4
O-O 9. h3 a6 10. Bxd7 Nfxd7 11. Be3 Nc6 12. Qd2 Rc8 13. b3 Re8 14. Rfd1 Qa5 15.
Rac1 Nc5 16. f3 Nxd4 17. Bxd4 Bxd4+ 18. Qxd4 Ne6 19. Qf2 b5 20. Nd5 bxc4 21. Nb6 1/2-1/2

[Event "56th TCh-DEN Ex 2017-18"]
[Site "Denmark DEN"]
[Date "2017.11.19"]
[Round "2.5"]
[Board "2"]
[White "Ochsner, Bjorn Moller"]
[Black "Schandorff, Lars"]
[Result "1/2-1/2"]
[WhiteTitle "IM"]
[BlackTitle "GM"]
[WhiteElo "2459"]
[BlackElo "2490"]
[WhiteTeam "Nordea Skanderborg"]
[BlackTeam "Hillerod"]
[WhiteFideId "1416928"]
[BlackFideId "1400070"]
[EventDate "2017.11.18"]

1. e4 e5 2. Nf3 Nf6 3. Nxe5 d6 4. Nf3 Nxe4 5. d4 d5 6. Bd3 Bf5 7. O-O Be7 8. Re1
O-O 9. Nbd2 Nd6 10. Bxf5 Nxf5 11. Nf1 Nd7 12. Qd3 Nd6 13. Ng3 Re8 14. Bf4 Nf6
15. Re2 Nde4 16. Qb3 Bd6 17. Ne5 Bxe5 18. dxe5 Nc5 19. Qf3 Nfe4 20. Rd1 Nxg3 21.
hxg3 c6 22. c4 d4 23. Bc1 Qd7 24. b3 Ne6 25. Qe4 Rad8 26. Bb2 c5 27. f4 g6 28.
g4 Ng7 29. Qf3 Re6 30. Rde1 Ra6 31. Bc1 Re8 32. g3 f5 33. exf6 Rxe2 34. Rxe2
Rxf6 35. Ba3 b6 36. b4 Ne6 37. Qd5 Qxd5 38. cxd5 Nc7 39. bxc5 Nxd5 40. Rd2 Nc3
41. Bb2 1/2-1/2

[Event "56th TCh-DEN Ex 2017-18"]
[Site "Denmark DEN"]
[Date "2017.11.19"]
[Round "2.5"]
[Board "3"]
[White "Borge, Nikolaj"]
[Black "Semcesen, Daniel"]
[Result "1/2-1/2"]
[WhiteTitle "IM"]
[BlackTitle "GM"]
[WhiteElo "2392"]
[BlackElo "2483"]
[WhiteTeam "Hillerod"]
[BlackTeam "Nordea Skanderborg"]
[WhiteFideId "1400312"]
[BlackFideId "1706993"]
[EventDate "2017.11.18"]

1. e4 e5 2. Nf3 Nc6 3. Bc4 Be7 4. O-O Nf6 5. d4 d6 6. d5 Nb8 7. Nc3 O-O 8. h3
Nbd7 9. Be3 c6 10. a4 h6 11. a5 cxd5 12. Bxd5 Nxd5 13. Qxd5 Nf6 14. Qd3 Be6 15.
Rfd1 a6 16. Na4 Nd7 17. Nb6 Nxb6 18. Bxb6 Qe8 19. c4 Rc8 20. Rac1 Rc6 21. c5 f6
22. b4 Qf7 23. cxd6 Rxd6 24. Qb1 Rxd1+ 25. Rxd1 Rc8 26. b5 axb5 27. Qxb5 Qe8 28.
Qxe8+ Rxe8 29. Rc1 Rc8 30. Rxc8+ Bxc8 31. Ne1 Kf7 32. Kf1 Ke6 33. Ke2 Kd6 34.
Nd3 Kc6 35. f4 Bd6 36. fxe5 fxe5 37. Be3 Kb5 38. Bd2 Kc4 39. Ke3 Bb8 40. Bc1
Ba7+ 41. Kd2 Bd4 42. Ba3 Bd7 43. Bd6 Bc6 44. Nxe5+ Bxe5 45. Bxe5 1/2-1/2

[Event "56th TCh-DEN Ex 2017-18"]
[Site "Denmark DEN"]
[Date "2017.11.19"]
[Round "2.5"]
[Board "4"]
[White "Pedersen, Nicolai Vesterbaek"]
[Black "Larsen, Steen Skovlund"]
[Result "1-0"]
[WhiteTitle "IM"]
[BlackTitle "FM"]
[WhiteElo "2392"]
[BlackElo "2317"]
[WhiteTeam "Nordea Skanderborg"]
[BlackTeam "Hillerod"]
[WhiteFideId "1402340"]
[BlackFideId "1400703"]
[EventDate "2017.11.18"]

1. e4 c5 2. Nf3 Nc6 3. c3 Nf6 4. e5 Nd5 5. d4 cxd4 6. Bc4 Nb6 7. Bb3 d5 8. exd6
Qxd6 9. O-O Be6 10. Na3 Bxb3 11. Qxb3 e6 12. Nb5 Qd7 13. Nbxd4 Nxd4 14. Nxd4 Be7
15. Rd1 O-O 16. a4 Rad8 17. a5 Qd5 18. Qxd5 Nxd5 19. a6 Rd7 20. Nb5 bxa6 21.
Rxa6 Rb7 22. c4 Nb6 23. b3 Bc5 24. Kf1 f6 25. Be3 Bxe3 26. fxe3 Ra8 27. Rda1 Nd5
28. Rxe6 Nb4 29. Ra5 a6 30. Nd4 Kf7 31. Rd6 Re8 32. Ke2 g6 33. Kd2 Rbe7 34. Ra4
Rb7 35. c5 Rc8 36. c6 Rb6 37. Rd7+ Ke8 38. Rxh7 Nxc6 39. Rc4 Rd8 40. Rh8+ Ke7
41. Rh7+ Kd6 42. Nxc6 1-0

[Event "56th TCh-DEN Ex 2017-18"]
[Site "Denmark DEN"]
[Date "2017.11.19"]
[Round "2.5"]
[Board "5"]
[White "Stojanovski, Sandi"]
[Black "Hansen, Mads"]
[Result "0-1"]
[WhiteTitle "FM"]
[BlackTitle "IM"]
[WhiteElo "2270"]
[BlackElo "2387"]
[WhiteTeam "Hillerod"]
[BlackTeam "Nordea Skanderborg"]
[WhiteFideId "1403249"]
[BlackFideId "1401610"]
[EventDate "2017.11.18"]

1. c4 e6 2. g3 d5 3. Bg2 Nf6 4. Nf3 dxc4 5. Qa4+ Bd7 6. Qxc4 c5 7. Nc3 Bc6 8.
O-O Nbd7 9. Rd1 b5 10. Qf4 b4 11. Nb1 Be7 12. d3 O-O 13. e4 Nb6 14. Qd2 a5 15.
b3 a4 16. Bb2 Nfd7 17. a3 bxa3 18. Rxa3 axb3 19. Rxa8 Qxa8 20. Nc3 Qb7 21. Ra1
c4 22. Nd4 Nc5 23. Nxc6 Qxc6 24. Ra7 Nc8 25. e5 Qb6 26. Ra8 Nxd3 27. Ne4 Nxb2
28. Qxb2 Na7 29. Rxf8+ Bxf8 30. Bf1 Qb4 31. Qd4 b2 32. Nf6+ gxf6 33. Qg4+ Kh8 0-1

[Event "56th TCh-DEN Ex 2017-18"]
[Site "Denmark DEN"]
[Date "2017.11.19"]
[Round "2.5"]
[Board "6"]
[White "Andersen, Jackie"]
[Black "Ostergaard, Jens"]
[Result "1-0"]
[BlackTitle "FM"]
[WhiteElo "2388"]
[BlackElo "2220"]
[WhiteTeam "Nordea Skanderborg"]
[BlackTeam "Hillerod"]
[WhiteFideId "1402650"]
[BlackFideId "1400606"]
[EventDate "2017.11.18"]

1. d4 Nf6 2. Nf3 e6 3. Bf4 c5 4. e3 Nc6 5. c3 b6 6. h3 Bb7 7. Nbd2 Be7 8. Bd3 d6
9. Qe2 O-O 10. Bh2 a6 11. O-O b5 12. dxc5 dxc5 13. e4 c4 14. Bc2 Nd7 15. Rfd1
Qc8 16. e5 Nc5 17. Ne4 Nxe4 18. Qxe4 g6 19. Qf4 Qc7 20. h4 Rfd8 21. Re1 Bf8 22.
h5 Ne7 23. Ng5 Nf5 24. hxg6 fxg6 25. Nxe6 Qc6 26. Be4 Qxe6 27. Bxb7 Ra7 28. Qe4
Qd7 29. Bc6 Qd3 30. Qg4 Nh6 31. Qe6+ Rf7 32. Bf4 Bc5 33. Red1 Bxf2+ 34. Kh2 Qxd1
35. Rxd1 Rxd1 36. Bxh6 Bg1+ 37. Kh3 Bf2 38. Qe8+ 1-0

[Event "56th TCh-DEN Ex 2017-18"]
[Site "Denmark DEN"]
[Date "2017.11.19"]
[Round "2.5"]
[Board "7"]
[White "Jaksland, Tim"]
[Black "Boe, Mads"]
[Result "0-1"]
[WhiteTitle "FM"]
[BlackTitle "FM"]
[WhiteElo "2168"]
[BlackElo "2297"]
[WhiteTeam "Hillerod"]
[BlackTeam "Nordea Skanderborg"]
[WhiteFideId "1401084"]
[BlackFideId "1401408"]
[EventDate "2017.11.18"]

1. Nf3 d5 2. b3 Bg4 3. e3 Nf6 4. Bb2 e6 5. h3 Bh5 6. Be2 Nbd7 7. c4 c6 8. Nc3 h6
9. d3 Bg6 10. Qc2 Bd6 11. O-O O-O 12. Rfe1 a5 13. Bf1 Nc5 14. Rad1 Qc7 15. Qc1
Rfd8 16. Ba3 dxc4 17. bxc4 Nxd3 18. Bxd6 Rxd6 19. Bxd3 Rxd3 20. Rxd3 Bxd3 21.
Na4 Rd8 22. Rd1 Be4 23. Rxd8+ Qxd8 24. Nd4 e5 25. Nb3 b5 26. cxb5 cxb5 27. Nac5
a4 28. Nd2 Bd5 29. Qb2 Bxg2 30. Qxb5 Bxh3 31. Qd3 Qc8 32. Qc4 Qf5 33. Qh4 Bg4
34. Nf1 Qc2 35. Nb7 Qc7 36. Nh2 Bc8 37. Qxa4 Bxb7 38. f3 Qc1+ 39. Kf2 Qd2+ 0-1

[Event "56th TCh-DEN Ex 2017-18"]
[Site "Denmark DEN"]
[Date "2017.12.03"]
[Round "3.1"]
[Board "1"]
[White "Pedersen, Jan1"]
[Black "Thybo, Jesper Sondergaard"]
[Result "0-1"]
[WhiteTitle "IM"]
[BlackTitle "IM"]
[WhiteElo "2396"]
[BlackElo "2472"]
[WhiteTeam "SK1968"]
[BlackTeam "Jetsmark"]
[WhiteFideId "1401963"]
[BlackFideId "1438832"]
[EventDate "2017.11.18"]

1. e4 e5 2. Nc3 Nc6 3. g3 Nf6 4. Bg2 Bc5 5. Nge2 O-O 6. O-O a6 7. h3 d6 8. Kh2
Nd4 9. Nxd4 exd4 10. Ne2 Re8 11. d3 d5 12. exd5 Nxd5 13. Nf4 Nf6 14. Bd2 c6 15.
Nh5 Nd5 16. Nf4 Nxf4 17. Bxf4 Qb6 18. Rb1 a5 19. Re1 Be6 20. c4 Bf5 21. Qc2 Bb4
22. Rxe8+ Rxe8 23. a3 Bf8 24. b4 axb4 25. axb4 Qa7 26. b5 Qa3 27. Rb3 Qa4 28.
bxc6 bxc6 29. Be4 Bxe4 30. dxe4 c5 31. f3 g5 32. Bxg5 Rb8 33. Rc3 Qa1 34. Rb3 d3 0-1

[Event "56th TCh-DEN Ex 2017-18"]
[Site "Denmark DEN"]
[Date "2017.12.03"]
[Round "3.1"]
[Board "2"]
[White "Rasmussen, Allan Stig"]
[Black "Matthiesen, Martin"]
[Result "1-0"]
[WhiteTitle "GM"]
[BlackTitle "FM"]
[WhiteElo "2540"]
[BlackElo "2307"]
[WhiteTeam "Jetsmark"]
[BlackTeam "SK1968"]
[WhiteFideId "1406000"]
[BlackFideId "1404067"]
[EventDate "2017.11.18"]

1. e4 e5 2. Nf3 Nc6 3. Bb5 a6 4. Ba4 Nf6 5. O-O Be7 6. Re1 b5 7. Bb3 O-O 8. a4
b4 9. d4 d6 10. dxe5 dxe5 11. Bg5 Qxd1 12. Rxd1 Bg4 13. Nbd2 Rae8 14. Bc4 Bc8
15. Nb3 Bd6 16. Nfd2 Nd8 17. f3 Ne6 18. Be3 Nd7 19. Bd5 Ndc5 20. Na5 Bd7 21. Bc6
Be7 22. Ndc4 Bxc6 23. Nxc6 b3 24. Rd5 Bd6 25. c3 f6 26. Nxd6 cxd6 27. Rxd6 Rf7
28. a5 Ra8 29. Ra3 Rb7 30. Nb4 Kf8 31. Nd5 Rc8 32. Kf1 Kf7 33. Ke2 h5 34. Nb4
Ke7 35. Rb6 Ra7 36. Nc6+ 1-0

[Event "56th TCh-DEN Ex 2017-18"]
[Site "Denmark DEN"]
[Date "2017.12.03"]
[Round "3.1"]
[Board "3"]
[White "Rewitz, Poul"]
[Black "Jensen, Bjarke"]
[Result "1-0"]
[WhiteTitle "FM"]
[BlackTitle "FM"]
[WhiteElo "2308"]
[BlackElo "2319"]
[WhiteTeam "SK1968"]
[BlackTeam "Jetsmark"]
[WhiteFideId "1401033"]
[BlackFideId "1403702"]
[EventDate "2017.11.18"]

1. e4 c5 2. Na3 Nc6 3. Bb5 Nf6 4. d3 Qc7 5. Nf3 a6 6. Bxc6 Qxc6 7. Nc4 b5 8. Ne3
Bb7 9. O-O e6 10. Re1 Be7 11. b3 O-O 12. Bb2 d5 13. e5 Nd7 14. d4 c4 15. h4 Rfc8
16. Ng5 h6 17. Qh5 hxg5 18. hxg5 c3 19. Bc1 Nxe5 20. f4 Ng6 21. Ng4 Bd6 22. Rxe6
fxe6 23. Qxg6 Kf8 24. Nf6 Be7 25. Nh5 Rc7 26. Nxg7 Bc8 27. Qh6 Kg8 28. g6 Bc5
29. Qh7+ Kf8 30. Qh8+ Ke7 31. Be3 Bd7 32. Qh4+ Kf8 33. Qf6+ Kg8 34. Qf7+ 1-0

[Event "56th TCh-DEN Ex 2017-18"]
[Site "Denmark DEN"]
[Date "2017.12.03"]
[Round "3.1"]
[Board "4"]
[White "Thogersen, Rasmus"]
[Black "Matthiesen, Arne"]
[Result "1-0"]
[BlackTitle "FM"]
[WhiteElo "2251"]
[BlackElo "2300"]
[WhiteTeam "Jetsmark"]
[BlackTeam "SK1968"]
[WhiteFideId "1431412"]
[BlackFideId "1403524"]
[EventDate "2017.11.18"]

1. e4 c5 2. Nf3 Nc6 3. d4 cxd4 4. Nxd4 g6 5. Nc3 Bg7 6. Be3 Nf6 7. Bc4 O-O 8.
Bb3 d5 9. exd5 Na5 10. Nde2 b6 11. Qd2 Bb7 12. O-O-O Nxb3+ 13. axb3 Qd7 14. Bh6
Rfd8 15. Bxg7 Kxg7 16. Nf4 Qf5 17. f3 e5 18. Nfe2 Nxd5 19. Nxd5 Rxd5 20. Qe3
Rad8 21. Rxd5 Rxd5 22. h4 h6 23. Nc3 Rd7 24. Re1 Qf4 25. Qxf4 exf4 26. Re8 g5
27. hxg5 hxg5 28. Ne4 f6 29. Re6 Bd5 30. Rd6 Rxd6 31. Nxd6 Be6 32. b4 Kf8 33. b3
Ke7 34. Nb5 a5 35. bxa5 bxa5 36. Kb2 Bd7 37. c4 Ke6 38. Ka3 Ke5 39. Ka4 g4 40.
Kxa5 g3 41. Nc3 Kd4 42. Nd5 Ke5 43. b4 Bh3 44. b5 Bxg2 45. b6 Kd6 46. b7 1-0

[Event "56th TCh-DEN Ex 2017-18"]
[Site "Denmark DEN"]
[Date "2017.12.03"]
[Round "3.1"]
[Board "5"]
[White "Bank, Pelle"]
[Black "Rosenkilde, Alexander"]
[Result "1-0"]
[WhiteElo "2283"]
[BlackElo "2216"]
[WhiteTeam "SK1968"]
[BlackTeam "Jetsmark"]
[WhiteFideId "1402889"]
[BlackFideId "1408488"]
[EventDate "2017.11.18"]

1. d4 Nf6 2. Bg5 Ne4 3. Bf4 d5 4. f3 Nf6 5. e4 c5 6. e5 Nfd7 7. c3 cxd4 8. cxd4
Nc6 9. Be3 Nb6 10. Nc3 Bf5 11. f4 e6 12. Nf3 Be7 13. Be2 O-O 14. O-O Rc8 15. Rc1
Na5 16. Nd2 Nbc4 17. Nxc4 Nxc4 18. Bxc4 dxc4 19. d5 exd5 20. Nxd5 Bd3 21. Nxe7+
Qxe7 22. Rf2 b5 23. a3 Rfd8 24. Qf3 Bf5 25. Rd2 Rxd2 26. Bxd2 Qc7 27. Bb4 Qc6
28. Qf2 a6 29. Rd1 Bd3 30. Re1 Qg6 31. h3 h5 32. Kh2 Re8 33. Re3 Be4 34. Rg3 Qe6
35. Rg5 Bg6 36. Bc3 Qe7 37. h4 Bd3 38. f5 Qc7 39. Qg3 f6 40. exf6 Qxg3+ 41. Kxg3
Re3+ 42. Kf2 Re4 43. Rxg7+ 1-0

[Event "56th TCh-DEN Ex 2017-18"]
[Site "Denmark DEN"]
[Date "2017.12.03"]
[Round "3.1"]
[Board "6"]
[White "Rathlev, Jakob"]
[Black "Hansen, Lars"]
[Result "1/2-1/2"]
[WhiteTitle "CM"]
[WhiteElo "2218"]
[BlackElo "2243"]
[WhiteTeam "Jetsmark"]
[BlackTeam "SK1968"]
[WhiteFideId "1405284"]
[BlackFideId "1402528"]
[EventDate "2017.11.18"]

1. Nf3 e6 2. g3 b6 3. Bg2 Bb7 4. O-O Nf6 5. b3 Be7 6. Bb2 O-O 7. c4 d5 8. e3 c5
9. Nc3 Nc6 10. Qe2 d4 11. exd4 Nxd4 12. Nxd4 Bxg2 13. Kxg2 Qxd4 14. Na4 Qd7 15.
Rfd1 Rfd8 16. d4 Qb7+ 17. Qf3 Qxf3+ 18. Kxf3 cxd4 19. Bxd4 Nd7 20. Ke2 Rac8 21.
Rd2 Bb4 22. Rd3 Nb8 23. Rad1 Nc6 24. Bb2 Rxd3 25. Rxd3 Rd8 26. Rxd8+ Nxd8 27. a3
Be7 28. b4 Nc6 29. Kd3 f6 30. Bc3 Kf7 31. Nb2 e5 32. Bd2 Ke6 33. Na4 f5 34. Be3 1/2-1/2

[Event "56th TCh-DEN Ex 2017-18"]
[Site "Denmark DEN"]
[Date "2017.12.03"]
[Round "3.1"]
[Board "7"]
[White "Ramsdal, Jens Albert"]
[Black "Wilbrandt, Simon Pil"]
[Result "1-0"]
[WhiteElo "2251"]
[BlackElo "2115"]
[WhiteTeam "SK1968"]
[BlackTeam "Jetsmark"]
[WhiteFideId "1429221"]
[BlackFideId "1436988"]
[EventDate "2017.11.18"]

1. e4 c5 2. Nf3 d6 3. d4 cxd4 4. Nxd4 Nf6 5. Nc3 a6 6. Bc4 e6 7. Bb3 b5 8. O-O
Be7 9. a3 O-O 10. Qe1 Qb6 11. Be3 Qb7 12. Bg5 Nbd7 13. Rd1 Nc5 14. Ba2 Ng4 15.
Bxe7 Qxe7 16. b4 Nb7 17. f4 Bd7 18. h3 Nh6 19. f5 Rac8 20. Qd2 Kh8 21. f6 gxf6
22. Rf3 Ng8 23. Rg3 f5 24. exf5 d5 25. Rf1 Nd6 26. Qe2 Qf6 27. Rd3 Qh6 28. Qe5+
Qf6 29. Qxd6 Rxc3 30. fxe6 Qg7 31. Nf5 1-0

[Event "56th TCh-DEN Ex 2017-18"]
[Site "Denmark DEN"]
[Date "2017.12.03"]
[Round "3.1"]
[Board "8"]
[White "Grubert, Christian"]
[Black "Christensen, Thomas2"]
[Result "1-0"]
[WhiteElo "2156"]
[BlackElo "2221"]
[WhiteTeam "Jetsmark"]
[BlackTeam "SK1968"]
[WhiteFideId "1406744"]
[BlackFideId "1407635"]
[EventDate "2017.11.18"]

1. e4 e6 2. d3 d5 3. Qe2 Nf6 4. Nf3 Be7 5. g3 O-O 6. Bg2 c5 7. O-O Nc6 8. e5 Nd7
9. c4 dxc4 10. dxc4 Qc7 11. Bf4 b6 12. Nc3 Bb7 13. Rad1 Rad8 14. Nd5 exd5 15.
cxd5 Nb4 16. d6 Bxd6 17. exd6 Qb8 18. Rfe1 h6 19. a3 Nd5 20. Qd2 N7f6 21. Be5
Qc8 22. Nh4 Ba8 23. Qc2 c4 24. Nf5 Qc5 25. Bd4 Qb5 26. Bxd5 Nxd5 27. Bxg7 Rfe8
28. Be5 Nf6 29. Ne7+ Rxe7 30. dxe7 Rxd1 31. Qxd1 Qc6 32. f3 Ne8 33. Bc3 f6 34.
Re3 Kf7 35. Qd4 Bb7 36. Qf4 Kg7 37. Qg4+ Kf7 38. Qh5+ Kg7 39. Re4 Bc8 40. Rh4
Qa4 41. Qxh6+ Kf7 42. Re4 Bf5 43. Qh5+ Bg6 44. Qd5+ Kg7 45. Rxc4 1-0

[Event "56th TCh-DEN Ex 2017-18"]
[Site "Denmark DEN"]
[Date "2017.12.03"]
[Round "3.2"]
[Board "1"]
[White "Teplyi, Igor"]
[Black "Andersen, Mads"]
[Result "1/2-1/2"]
[WhiteTitle "IM"]
[BlackTitle "GM"]
[WhiteElo "2412"]
[BlackElo "2594"]
[WhiteTeam "Nordre"]
[BlackTeam "Nordea Skanderborg"]
[WhiteFideId "1413767"]
[BlackFideId "1413864"]
[EventDate "2017.11.18"]

1. d4 Nf6 2. c4 g6 3. Nc3 Bg7 4. e4 d6 5. Nf3 O-O 6. Be2 e5 7. O-O Nc6 8. d5 Ne7
9. Bg5 Ne8 10. Nd2 f5 11. exf5 gxf5 12. f4 e4 13. Nb3 Nf6 14. Bh4 Ng6 15. Be1
Qe7 16. a4 Bd7 17. a5 c5 18. dxc6 bxc6 19. Nd4 Rab8 20. Rb1 h5 21. Nc2 h4 22.
Bf2 Nxf4 23. Bxa7 Ra8 24. Bb6 Bh6 25. Be3 Nxe2+ 26. Nxe2 Bxe3+ 27. Nxe3 Rxa5 28.
Qe1 Re5 29. Qxh4 Qg7 30. Rbd1 d5 31. Nf4 dxc4 32. Rd6 Rc5 33. Rfd1 c3 34. bxc3
Rxc3 35. Nh5 Nxh5 36. Rxd7 Qg6 37. R1d6 1/2-1/2

[Event "56th TCh-DEN Ex 2017-18"]
[Site "Denmark DEN"]
[Date "2017.12.03"]
[Round "3.2"]
[Board "2"]
[White "Ochsner, Bjorn Moller"]
[Black "Petersen, Tom Petri"]
[Result "1/2-1/2"]
[WhiteTitle "IM"]
[BlackTitle "FM"]
[WhiteElo "2459"]
[BlackElo "2293"]
[WhiteTeam "Nordea Skanderborg"]
[BlackTeam "Nordre"]
[WhiteFideId "1416928"]
[BlackFideId "1403486"]
[EventDate "2017.11.18"]

1. e4 c6 2. d4 d5 3. Nc3 dxe4 4. Nxe4 Nf6 5. Nxf6+ gxf6 6. c3 Bf5 7. Nf3 e6 8.
Nh4 Bg6 9. Be3 Nd7 10. Qd2 Qa5 11. Be2 Bg7 12. b4 Qc7 13. O-O O-O 14. Bf4 Qd8
15. Rfd1 Qe7 16. Bf3 Rfd8 17. b5 Ne5 18. Be2 cxb5 19. Bxb5 a6 20. Be2 Rac8 21.
Qb2 Nc4 22. Qb3 Na5 23. Qa4 Nc6 24. Nxg6 hxg6 25. Rab1 f5 26. Be3 Qc7 27. Bf3
Na5 28. Bg5 Rd7 29. Rdc1 b5 30. Qd1 Nc4 31. a4 e5 32. axb5 axb5 33. Rxb5 exd4
34. Rb7 Qd6 35. cxd4 Rxb7 36. Bxb7 Rc7 37. Bf3 Nb2 38. Qe2 Rxc1+ 39. Bxc1 Qxd4
40. Qe8+ Kh7 41. Bxb2 Qxb2 42. g3 Qb3 43. Kg2 Qe6 44. Qb5 Bd4 45. Qb7 Bf6 46.
Bd5 Qe7 47. Qxe7 Bxe7 48. Bxf7 Kg7 49. Be8 g5 50. Bd7 1/2-1/2

[Event "56th TCh-DEN Ex 2017-18"]
[Site "Denmark DEN"]
[Date "2017.12.03"]
[Round "3.2"]
[Board "3"]
[White "Olsen, Filip Boe"]
[Black "Pedersen, Nicolai Vesterbaek"]
[Result "1-0"]
[WhiteTitle "FM"]
[BlackTitle "IM"]
[WhiteElo "2267"]
[BlackElo "2392"]
[WhiteTeam "Nordre"]
[BlackTeam "Nordea Skanderborg"]
[WhiteFideId "1440640"]
[BlackFideId "1402340"]
[EventDate "2017.11.18"]

1. d4 Nf6 2. c4 c5 3. d5 g6 4. Nc3 Bg7 5. e4 d6 6. Nf3 O-O 7. h3 Re8 8. Bd3 Na6
9. O-O Nc7 10. Be3 e6 11. Nd2 Rb8 12. a4 Na6 13. Qb3 Nb4 14. Be2 b6 15. f4 Ba6
16. Rfe1 exd5 17. cxd5 Nd3 18. Red1 c4 19. Qa3 Nxe4 20. Ncxe4 f5 21. Nxc4 fxe4
22. b3 Bxc4 23. bxc4 Bb2 24. Qa2 Bxa1 25. Qxa1 Qc7 26. Qc3 Qg7 27. Qa3 Qf6 28.
Bg4 h5 29. Be6+ Rxe6 30. dxe6 Qxe6 31. Qb3 Rc8 32. Qb5 Rxc4 33. Qg5 Rc8 34. Rf1
Rf8 35. Bd4 Kh7 36. f5 Rxf5 37. Rxf5 Qxf5 38. Qe7+ Kh6 39. Bg7+ 1-0

[Event "56th TCh-DEN Ex 2017-18"]
[Site "Denmark DEN"]
[Date "2017.12.03"]
[Round "3.2"]
[Board "4"]
[White "Hansen, Mads"]
[Black "Veng, Johnni"]
[Result "1-0"]
[WhiteTitle "IM"]
[BlackTitle "FM"]
[WhiteElo "2387"]
[BlackElo "2255"]
[WhiteTeam "Nordea Skanderborg"]
[BlackTeam "Nordre"]
[WhiteFideId "1401610"]
[BlackFideId "1408623"]
[EventDate "2017.11.18"]

1. e4 c5 2. Nf3 Nc6 3. d4 cxd4 4. Nxd4 Nf6 5. Nc3 e5 6. Ndb5 d6 7. Bg5 a6 8. Na3
Be6 9. Nc4 Rb8 10. a4 h6 11. Bxf6 Qxf6 12. Ne3 Qd8 13. Bc4 Be7 14. Bxe6 fxe6 15.
Qh5+ Kd7 16. O-O Rc8 17. a5 Nd4 18. Na4 Qxa5 19. b4 Qc7 20. c3 Nb3 21. Qd1 b5
22. Qxb3 bxa4 23. Rxa4 Qxc3 24. Qa2 Rc6 25. Rxa6 Rxa6 26. Qxa6 Rb8 27. Nc4 Rxb4
28. Nb6+ Ke8 29. Nc8 Qc7 30. Rd1 Qc2 31. Nxd6+ Bxd6 32. Qxd6 Rb1 33. Qxe6+ Kf8
34. Qd6+ Kg8 35. Qd5+ Kh7 36. Rf1 Rxf1+ 37. Kxf1 Qc1+ 38. Ke2 Qc2+ 39. Kf3 Qc3+
40. Kg4 Qb2 41. Kg3 h5 42. Qf7 Kh6 43. Qe6+ g6 44. Qg8 h4+ 45. Kh3 Qxf2 46. Qh8+
Kg5 47. Qxe5+ Kh6 48. Qh8+ Kg5 49. Qd8+ Kh5 50. g4+ hxg3 51. Qh8+ 1-0

[Event "56th TCh-DEN Ex 2017-18"]
[Site "Denmark DEN"]
[Date "2017.12.03"]
[Round "3.2"]
[Board "5"]
[White "Sloth, Jorn"]
[Black "Andersen, Jackie"]
[Result "1/2-1/2"]
[WhiteTitle "FM"]
[WhiteElo "2295"]
[BlackElo "2388"]
[WhiteTeam "Nordre"]
[BlackTeam "Nordea Skanderborg"]
[WhiteFideId "1400240"]
[BlackFideId "1402650"]
[EventDate "2017.11.18"]

1. Nf3 g6 2. e3 Bg7 3. d4 d6 4. Be2 Nf6 5. c4 O-O 6. Nc3 a6 7. O-O c5 8. b3 Nc6
9. Bb2 Rb8 10. Rc1 Bd7 11. Qd2 cxd4 12. exd4 Ng4 13. Nd5 b5 14. Ng5 Nh6 15. Ne3
bxc4 16. d5 Bxb2 17. Qxb2 Ne5 18. Nxc4 1/2-1/2

[Event "56th TCh-DEN Ex 2017-18"]
[Site "Denmark DEN"]
[Date "2017.12.03"]
[Round "3.2"]
[Board "6"]
[White "Boe, Mads"]
[Black "Baekgaard, Martin"]
[Result "1/2-1/2"]
[WhiteTitle "FM"]
[BlackTitle "FM"]
[WhiteElo "2297"]
[BlackElo "2297"]
[WhiteTeam "Nordea Skanderborg"]
[BlackTeam "Nordre"]
[WhiteFideId "1401408"]
[BlackFideId "1405586"]
[EventDate "2017.11.18"]

1. d4 Nf6 2. Nf3 d5 3. c4 e6 4. cxd5 exd5 5. Nc3 c6 6. Qc2 Be7 7. Bg5 g6 8. e3
Bf5 9. Bd3 Bxd3 10. Qxd3 Nbd7 11. O-O O-O 12. h3 Re8 13. Bf4 a5 14. Qc2 Nb6 15.
Ne5 Nc8 16. Na4 Nd6 17. Nc5 Nfe4 18. Ncd3 Qc8 19. Bh2 Nf5 20. Nf3 Bd6 1/2-1/2

[Event "56th TCh-DEN Ex 2017-18"]
[Site "Denmark DEN"]
[Date "2017.12.03"]
[Round "3.2"]
[Board "7"]
[White "Christensen, Jan"]
[Black "Grove, Peter"]
[Result "1/2-1/2"]
[WhiteElo "2180"]
[BlackElo "2190"]
[WhiteTeam "Nordre"]
[BlackTeam "Nordea Skanderborg"]
[WhiteFideId "1400916"]
[BlackFideId "1411101"]
[EventDate "2017.11.18"]

1. d4 Nf6 2. Nf3 e6 3. e3 c5 4. Bd3 d5 5. b3 Nc6 6. O-O b6 7. Bb2 Bd6 8. c4 cxd4
9. exd4 O-O 10. Nbd2 Bb7 11. a3 Rc8 12. Qe2 Re8 13. Ne5 Bf8 14. Qe3 h6 15. Rfe1
Rc7 16. Rad1 Qa8 17. Bb1 dxc4 18. bxc4 Rd8 19. Nb3 Nxe5 20. dxe5 Rxd1 21. Rxd1
Nd7 22. Rd6 Nc5 23. Nxc5 Rxc5 24. Qd3 1/2-1/2